Udinese Best Scorer By Year - Statistics

General Stats
  • This quiz has been taken 235 times
    90 since last reset
  • The average score is 9 of 37
Answer Stats
Player % Correct
Antonio Di Natale
99%
Lorenzo Lucca
75%
Beto
63%
Oliver Bierhoff
59%
Gerard Deulofeu
56%
Vincenzo Iaquinta
56%
Fabio Quagliarella
48%
Rodrigo De Paul
48%
Zico
48%
Márcio Amoroso
45%
Cyril Théréau
44%
Kevin Lasagna
37%
David Di Michele
25%
Roberto Muzzi
24%
Paolo Poggi
23%
Franco Causio
19%
Roberto Sosa
19%
Abel Balbo
17%
David Pizarro
13%
Dino Fava
12%
Andrea Carnevale
11%
Francesco Graziani
11%
Edinho
9%
Lorenzo Bettini
7%
Marco Branca
7%
Bengt Lindskog
5%
Erling Sørensen
5%
Francesco Canella
5%
Giovanni Perissinotto
5%
Giuseppe Rinaldi
5%
Giuseppe Secchi
5%
Giuseppe Virgili
5%
Luis Pentrelli
5%
Nerio Ulivieri
5%
Nicola Zanone
5%
Sergio Vriz
5%
Silvano Moro
5%
No matching quizzes found
Score Distribution
Percent of People with Each Score
Percentile by Number Answered
Your Score History
You have not taken this quiz since the last reset